000 01266nam a22002297a 4500
008 110824t xxu||||| |||| 00| 0 ara d
082 _222
_bب ر ا
_a338.09
100 1 _926873
_aبرايس، موراي د.
245 _aالتنمية الصناعية /
_cموراى د. برايس؛ ترجمة أحمد سعيد دويدار، ابراهيم لطفى عمر؛ مراجعة وتقديم أحمد سعيد دويدار
260 _aالقاهرة :
_bمكتبة الأنجلو المصرية ،
_c1970.
260 _aالقاهرة :
_bمؤسسة فرانكلين للطباعة والنشر ،
_c1970.
300 _a395 ص:
_c24 سم.
500 _aترجمة لكتاب "Industrial development by Murray D. Bryce"
650 0 _915281
_aالصناعات
650 0 _927226
_aالتنمية الصناعية
650 0 _927227
_aالمشروعات
700 1 _926874
_aدويدار، أحمد سعيد
_eمراجعة وتقديم
700 1 _926874
_aدويدار، أحمد سعيد
_eمترجم
700 1 _926875
_aعمر، ابراهيم لطفى
_eمترجم
942 _2ddc
_cBB
999 _c15906
_d15906